Payment by results

Αποθηκεύτηκε σε:
Λεπτομέρειες βιβλιογραφικής εγγραφής
Συγγραφή απο Οργανισμό/Αρχή: International Labour Office
Μορφή: Βιβλίο
Γλώσσα:English
Δημοσίευση: Geneva : International Labour Office, 1984
Θέματα:
Ετικέτες: Προσθήκη ετικέτας
Δεν υπάρχουν, Καταχωρήστε ετικέτα πρώτοι!

MARC

LEADER 00000nam a2200000 i 4500
001 1/45224
008 960315s1984 i eng d
020 |a 9221036529 ((pbk.))  |c 25.00F 
020 |a 9221036510 ((hard)) 
035 |l 10026109 
040 |a GR-MY-UA  |b gre  |e aacr 
041 0 |a eng 
082 0 |a 331.2164  |2 (19) 
245 1 0 |a Payment by results 
260 |a Geneva :   |b International Labour Office,   |c 1984 
300 |a xii, 164 p.;  |b ill.;  |c 24 cm 
504 |a Includes bibliographies 
650 0 0 |a Piecework. 
710 2 |a International Labour Office. 
852 |a INST  |b CHIOS  |e 19960315  |h 658.32 PAY  |p 005200004491  |q 005200004491  |t BK  |y 0 
909 |a Χ  |b 003834